| 000 | 00634nam a2200133Ia 4500 | ||
|---|---|---|---|
| 008 | 171212s9999 xx 000 0 und d | ||
| 100 | _aColker, Ruth | ||
| 245 |
_cColker, Ruth _aHybrid _bBisexuals, Multiracials, and Other Misfits Under American Law |
||
| 260 |
_bNew York University Press _c1996 |
||
| 440 | _aCritical America | ||
| 650 | _aDiscrimination -- Law and legislation -- United States; Minorities -- Legal status, laws, etc. -- United States; United States -- Race relations; Sexual orientation -- United States; Law -- Social aspects -- United States | ||
| 650 | _aLaw | ||
| 856 | _uhttp://www.jstor.org/stable/j.ctt9qg72w | ||
| 999 |
_c351539 _d351539 |
||